Shelter dogs : (Record no. 15707)
[ view plain ]
| 000 -LEADER | |
|---|---|
| fixed length control field | 00619cam a22001938a 4500 |
| 020 ## - INTERNATIONAL STANDARD BOOK NUMBER | |
| ISBN | 0807573361 |
| 020 ## - INTERNATIONAL STANDARD BOOK NUMBER | |
| ISBN | 0807573345 |
| 040 ## - CATALOGING SOURCE | |
| Transcribing agency | DLC |
| 082 00 - DEWEY DECIMAL CLASSIFICATION NUMBER | |
| Classification number | 636 ALB 1999 A091 Or. |
| 100 1# - MAIN ENTRY--AUTHOR NAME | |
| Personal name | Kehret, Peg. |
| 245 10 - TITLE STATEMENT | |
| Title | Shelter dogs : |
| Remainder of title | amazing stories of adopted strays / |
| 260 ## - PUBLICATION, DISTRIBUTION, ETC. (IMPRINT) | |
| Place of publication | Morton Grove, Ill. : |
| Name of publisher | Albert Whitman, |
| Year of publication | 1999. |
| 300 ## - PHYSICAL DESCRIPTION | |
| Number of Pages | [135] p. : |
| Other physical details | ill. ; |
| Dimensions | 21 cm. |
| 520 ## - SUMMARY, ETC. | |
| Summary, etc | Tells the stories of eight stray dogs that were adopted from animal shelters and went on to become service dogs, actors, and heroes. |
| 650 #0 - SUBJECT ADDED ENTRY--TOPICAL TERM | |
| Topical Term | Dogs |
| 650 #0 - SUBJECT ADDED ENTRY--TOPICAL TERM | |
| Topical Term | Dog adoption |
| 650 #0 - SUBJECT ADDED ENTRY--TOPICAL TERM | |
| Topical Term | Animal shelters |
| 942 ## - ADDED ENTRY ELEMENTS (KOHA) | |
| Koha item type | សៀវភៅភាសាអង់គ្លេស |
| 952 ## - LOCATION AND ITEM INFORMATION (KOHA) | |
| Withdrawn status [LOCAL, KOHA] | 0 |
| Permanent Location | Date acquired | Koha item type | Lost status | Shelving location | Barcode | Current Location | Full call number |
|---|---|---|---|---|---|---|---|
| Library Block A | 2017-12-06 | សៀវភៅភាសាអង់គ្លេស | A083 | A14924 | Library Block A | 636 ALB 1999 A083 Or. |